J'ai un rêve - Raiponce - Statistiques

Statistiques générales
  • Ce quiz a été pris 782 fois
  • Le résultat moyen est 294 sur 422
Statistiques - réponses
Paroles % Correct
J'ai
99%
j'ai
99%
rêvé
99%
rêve
99%
un
99%
Moi
97%
moi
97%
le
95%
de
94%
La
93%
la
93%
les
93%
Les
93%
a
91%
à
91%
Ma
89%
ma
89%
Je
88%
je
88%
Elle
86%
dans
85%
Il
85%
il
85%
qui
84%
et
82%
Et
82%
C'est
81%
ciel
81%
me
80%
suis
80%
voir
80%
vous
80%
Vous
80%
gens
79%
mon
79%
lanternes
78%
pianiste
77%
comme
76%
Comme
76%
Mais
76%
En
75%
en
75%
grand
75%
petit
75%
On
74%
on
74%
toujours
74%
d'être
73%
s'élèvent
73%
au
72%
licornes
72%
quitté
72%
tour
72%
est
71%
jour
71%
une
70%
Avec
68%
avec
68%
méchant
68%
petites
68%
chaque
67%
ne
67%
quotidien
66%
cœur
65%
collectionne
65%
d'avoir
65%
Mozart
65%
guerre
64%
jolie
64%
morceau
64%
tous
64%
vilain
64%
aussi
63%
brave
63%
moins
63%
pas
63%
poésie
63%
rendu
63%
tristes
62%
île
61%
main
61%
tant
61%
tout
61%
Tout
61%
d'or
60%
sur
60%
crochet
59%
interpréter
59%
malin
59%
pièces
59%
malgré
58%
profite
58%
son
58%
Entouré
57%
Ravie
57%
Si
57%
trésor
57%
caractère
56%
fer
56%
gros
56%
nez
56%
tranquille
56%
Vladimir
56%
blanches
55%
Oui
55%
reposé
55%
sans
55%
milliers
54%
jolies
53%
laid
53%
noires
53%
fou
52%
froide
52%
styliste
51%
celle
50%
Chatouiller
50%
fais
50%
sont
50%
bras
49%
compris
49%
décorateur
49%
Heureux
49%
heureux
49%
même
49%
que
49%
soleil
49%
des
48%
mime
48%
musique
48%
s'amuse
48%
Venise
48%
vois
48%
bon
47%
donnera
47%
l'aurez
47%
promise
47%
repoussant
47%
aux
46%
brigand
46%
l'amant
46%
pieds
46%
cherche
45%
monde
45%
pitié
45%
six
45%
bien
44%
encore
44%
fleuriste
44%
gondole
44%
orteils
44%
rêveur
44%
y
44%
fond
43%
gâteaux
43%
homme
43%
laideur
43%
sublimes
43%
tricote
43%
devant
42%
devenir
42%
enfant
42%
m'imagine
42%
Plus
41%
recoud
41%
dire
39%
élève
39%
toute
39%
bonne
38%
Bronzé
38%
plutôt
38%
vis
38%
pleurs
37%
dames
36%
humeur
36%
infectée
36%
Merci
36%
peux
36%
plaie
36%
p'tit
36%
adore
35%
chacun
35%
quartiers
35%
quitter
35%
tête
35%
veut
34%
cabossé
33%
nos
33%
prendra
33%
relève
33%
Loin
32%
l'amour
31%
qu'un
31%
affreusement
30%
optimistes
30%
cœurs
29%
courant
29%
gars
29%
goitre
28%
Gunter
28%
partent
28%
brutes
27%
J'espère
27%
J'peux
27%
fous
26%
J'suis
26%
pauvre
25%
cruel
24%
fumistes
24%
J'arrive
24%
trèves
21%
d'Atti
20%
sève
20%
Thor
20%
Ulf
19%
Alors
18%
coulent
18%
veines
18%
Ouais
15%
Parce
13%
qu'au
12%
Fang
5%
Aucun quiz correspondant
Distribution des résultats
% des personnes avec chaque résultat
Percentile par nombre de réponses
Votre historique - résultats
Vous n’avez pas pris ce quiz